000 00313nam a2200157Ia 4500
100 _aLaxman/R.K
650 _aFiction
942 _cBK
366 _f17.5
245 _aCommon man at large
260 _bPenquin books
_c2004
082 _a808.83/LAX
_bLAX
300 _a186
546 _aENGLISH
999 _c28710
_d28710